The Cambridge illustrated history of warfare : (Record no. 551506)

000 -LEADER
fixed length control field 00877cam a2200217 a 4500
020 ## - INTERNATIONAL STANDARD BOOK NUMBER
International Standard Book Number 0521440734 (hc)
082 00 - DEWEY DECIMAL CLASSIFICATION NUMBER
Classification number 355.009
Author Mark CAM
-- L-39, P-169
245 04 - TITLE STATEMENT
Title The Cambridge illustrated history of warfare :
Remainder of title the triumph of the West /
Statement of responsibility, etc. edited by Geoffrey Parker.
260 ## - PUBLICATION, DISTRIBUTION, ETC.
Place of publication, distribution, etc. Cambridge [England] ;
-- New York, NY, USA :
Name of publisher, distributor, etc. Cambridge University Press,
Date of publication, distribution, etc. 1995.
300 ## - PHYSICAL DESCRIPTION
Extent vi, 408 p. :
Other physical details ill., maps (some col.) ;
Dimensions 26 cm.
526 ## - STUDY PROGRAM INFORMATION NOTE
Program name 0
Interest level 0
Reading level 0
Title point value 355_009000000000000_CAM
650 #0 - SUBJECT ADDED ENTRY--TOPICAL TERM
Topical term or geographic name entry element Civilization, Western.
9 (RLIN) 33677
650 #0 - SUBJECT ADDED ENTRY--TOPICAL TERM
Topical term or geographic name entry element MCE
9 (RLIN) 379
650 #0 - SUBJECT ADDED ENTRY--TOPICAL TERM
Topical term or geographic name entry element Military art and science
General subdivision History.
9 (RLIN) 1734
650 #0 - SUBJECT ADDED ENTRY--TOPICAL TERM
Topical term or geographic name entry element War and society.
9 (RLIN) 37579
650 #0 - SUBJECT ADDED ENTRY--TOPICAL TERM
Topical term or geographic name entry element War
General subdivision Economic aspects.
9 (RLIN) 48639
700 1# - ADDED ENTRY--PERSONAL NAME
Personal name Parker, Geoffrey,
9 (RLIN) 48640
856 41 - ELECTRONIC LOCATION AND ACCESS
Uniform Resource Identifier <a href="http://www.loc.gov/catdir/toc/cam022/95015180.html">http://www.loc.gov/catdir/toc/cam022/95015180.html</a>
856 42 - ELECTRONIC LOCATION AND ACCESS
Uniform Resource Identifier <a href="http://www.loc.gov/catdir/description/cam027/95015180.html">http://www.loc.gov/catdir/description/cam027/95015180.html</a>
942 ## - ADDED ENTRY ELEMENTS (KOHA)
Source of classification or shelving scheme
Koha item type Book
Holdings
Withdrawn status Lost status Source of classification or shelving scheme Damaged status Not for loan Permanent Location Current Location Date acquired Total Checkouts Total Renewals Full call number Barcode Date last seen Date last checked out Price effective from Koha item type
          Military College of Engineering (MCE) Military College of Engineering (MCE) 12/16/2014 4 1 355.009 CAM MCE-42849 09/14/2020 12/16/2019 12/16/2014 Book
© 2023 Central Library, National University of Sciences and Technology. All Rights Reserved.